| 000 | 02129nam a22002417a 4500 | ||
|---|---|---|---|
| 003 | OSt | ||
| 005 | 20210302142704.0 | ||
| 008 | 210302s1999 ck ||||fr|||| 00| 0 spa d | ||
| 020 | _a9586353397 | ||
| 040 |
_aCO-JMCR _cCO-JMCR |
||
| 041 | 0 | _aspa | |
| 082 | 0 | 4 |
_a346.0437 / _bD147m _223 |
| 100 | 1 |
_aDallos Jabbour, Gerardo Alonso, _eautor _914254 |
|
| 245 | 1 | 4 |
_aManual para el estudio de títulos de propiedad inmobiliaria : _blegislación, jurisprudencia, doctrina, minutas, modelo de estudio de títulos y de sociedades / _cGerardo Alonso Dallos Jabbour |
| 250 | _aPrimera edición | ||
| 260 |
_aBogotá : _bEdiciones Librería del Profesional, _c1999 |
||
| 300 |
_axxii, 225 páginas ; _c24 cm. |
||
| 504 | _aBibliografía: páginas 217-225 | ||
| 505 | 0 | _aEl notariado -- De la escritura pública -- Actos y contratos civiles más usuales y sus modelos de minutas -- Del registro -- Títulos, actos y documentos sujetos a registro -- Modo de hacer el registro -- El registro como acto administrativo -- La matricula inmobiliaria -- Certificados -- Catastro -- Tributos, derechos notariales y de registro -- Vigilancia notarial y de registro -- Bases y modelo para la revisión del estudio de títulos -- Bases y modelos para el estudio de sociedades -- Extractos de jurisprudencia | |
| 520 | 3 | _aEl presente MANUAL PARA EL ESTUDIO DE TÍTULOS DE PROPIEDAD INMOBILIARIA del profesor Gerardo Alonso Dallos Jabbour va dirigido a los estudiantes y estudiosos de esta disciplina jurídica. Es por ello que ha sido elaborado con estilo moderno, sencillo y didáctico para que sea guía, a su vez, de gerentes, administradores de empresas y de todos aquellos que de una u otra forma tengan que ver con los títulos de propiedad raíz y su elaboración. La obra contiene la legislación vigente, enriquecida con la jurisprudencia, doctrina, comentarios y modelos de minutas para facilitar así su consulta, acorde y oportuna. La utilidad y acogida que la presente dispense, será el estímulo y compensación tanto para el autor como para el editor. | |
| 650 | 1 | 4 |
_aBienes raices _xlegislación _zColombia _914255 |
| 942 |
_2ddc _cBK |
||
| 999 |
_c7413 _d7413 |
||